000 00307nam a2200133Ia 4500
008 190216s9999||||xx |||||||||||||| ||und||
100 _aIrodov. I.E
245 0 _aBasic Laws Of Electromagnetism
250 _a1st Ed.
260 _bMir Publishers
_c2001
300 _a308
650 _aPhysics
942 _cBK
999 _c33808
_d33808